[Event "Llinars del Valles op-A 7th"]
[Site "Llinars del Valles"]
[Date "2013.05.25"]
[Round "6"]
[White "Panades Catarineu, Oriol"]
[Black "Recoder Creus, Jordi"]
[Result "1-0"]
[WhiteElo "1746"]
[BlackElo "1980"]
[PlyCount "123"]
[EventDate "2013.04.13"]
[EventType "swiss"]
[EventRounds "7"]
[EventCountry "ESP"]
[SourceTitle "EXT 2014"]
[Source "ChessBase"]
[SourceDate "2013.11.20"]
[SourceVersion "1"]
[SourceVersionDate "2013.11.20"]
[SourceQuality "1"]

1. e4 e5 2. Nf3 d6 3. d4 Nd7 4. Bc4 c6 5. Ng5 Nh6 6. a4 Qf6 7. Nf3 Qg6 8. 0-0 Be7 9. Nc3 a5 10. d5 Nb6 11. Be2 f5 12. Nxe5 Qf6 13. Nc4 Nxc4 14. Bxc4 c5 15. Qh5+ Nf7 16. Bb5+ Kd8 17. Qf3 Ne5 18. Qg3 h5 19. f4 Nf7 20. Re1 Qh4 21. Qxh4 Bxh4 22. g3 Bf6 23. Bd3 g6 24. Bd2 Bd7 25. Rab1 Re8 26. exf5 gxf5 27. Rxe8+ Kxe8 28. Nb5 Kf8 29. b3 b6 30. Re1 Rc8 31. Be2 h4 32. Bh5 Bxb5 33. axb5 hxg3 34. hxg3 c4 35. Be3 cxb3 36. cxb3 Rc3 37. Bd1 Bd8 38. Kf2 Rd3 39. Be2 Rxb3 40. Rc1 a4 41. Rc2 Bf6 42. Ra2 a3 43. Bxb6 Bc3 44. Be3 Bb2 45. b6 Rb4 46. Bd3 Nd8 47. Bxf5 Nb7 48. Bc8 Nc5 49. Bxc5 dxc5 50. b7 Ke7 51. Ke2 Kd6 52. Kd2 Kc7 53. f5 Rd4+ 54. Kc2 Rxd5 55. f6 Rd6 56. f7 Rf6 57. Be6 Kxb7 58. g4 Kb6 59. g5 Rf2+ 60. Kd3 Ka5 61. g6 Kb4 62. g7 1-0

[Event "Llinars del Valles op-A 7th"]
[Site "Llinars del Valles"]
[Date "2013.04.13"]
[Round "1"]
[White "Recoder Creus, Jordi"]
[Black "Alonso Mediavilla, Carlos Omar"]
[Result "1/2-1/2"]
[WhiteElo "1980"]
[BlackElo "1923"]
[PlyCount "138"]
[EventDate "2013.04.13"]
[EventType "swiss"]
[EventRounds "7"]
[EventCountry "ESP"]
[SourceTitle "EXT 2014"]
[Source "ChessBase"]
[SourceDate "2013.11.20"]
[SourceVersion "1"]
[SourceVersionDate "2013.11.20"]
[SourceQuality "1"]

1. e4 e5 2. Nf3 Nc6 3. Bc4 Bc5 4. d3 h6 5. c3 Nf6 6. Bb3 d5 7. Qe2 dxe4 8. dxe4 0-0 9. h3 Qe7 10. Nbd2 a6 11. g4 Nh7 12. Nf1 Be6 13. Ng3 Bxb3 14. axb3 f6 15. Nf5 Qe6 16. b4 Bb6 17. h4 Ne7 18. Rg1 Kh8 19. h5 Rfd8 20. N3h4 Nf8 21. Rh1 Nxf5 22. gxf5 Qd7 23. Rh3 Qb5 24. Qxb5 axb5 25. Rxa8 Rxa8 26. Rd3 c6 27. Ng6+ Kg8 28. Ke2 Rd8 29. Rg3 Nxg6 30. fxg6 Kf8 31. Rg1 Ke7 32. Bd2 Bxf2 33. Bxh6 Bxg1 34. Bxg7 Bh2 35. h6 Bf4 36. h7 Rd2+ 37. Kf1 Rh2 38. Bh6 Rxh6 39. g7 Rxh7 40. g8Q Rf7 41. Qc8 Kd6 42. Ke2 Bg5 43. b3 Rd7 44. c4 bxc4 45. bxc4 Ke7 46. Kf3 Bf4 47. Kg4 Bg5 48. Kf5 Bf4 49. Qg8 Bg5 50. c5 Bf4 51. Qe6+ Kd8 52. Kxf6 Kc7 53. Qa2 Rd2 54. Qa5+ Kc8 55. Ke6 Rd4 56. Ke7 Rd7+ 57. Ke6 Rd4 58. Kf5 Rd2 59. Qa1 Rd4 60. Qb1 Rd2 61. Ke6 Rd4 62. b5 cxb5 63. Qxb5 Kc7 64. Qb6+ Kc8 65. Kf5 Rd2 66. Qa7 Rd4 67. Qb6 Rd2 68. Qe6+ Kc7 69. Qc4 Kc8 1/2-1/2

[Event "Llinars del Valles op-A 6th"]
[Site "Llinars del Valles"]
[Date "2012.05.12"]
[Round "5"]
[White "Salagran Ferragut, Guillem"]
[Black "Recoder Creus, Jordi"]
[Result "0-1"]
[WhiteElo "1847"]
[BlackElo "1969"]
[PlyCount "150"]
[EventDate "2012.04.14"]
[EventType "swiss"]
[EventRounds "9"]
[EventCountry "ESP"]
[SourceTitle "EXT 2013"]
[Source "ChessBase"]
[SourceDate "2012.11.22"]
[SourceVersion "1"]
[SourceVersionDate "2012.11.22"]
[SourceQuality "1"]

1. e4 e5 2. Nf3 d6 3. d4 Nd7 4. dxe5 dxe5 5. Bc4 c6 6. a4 Be7 7. 0-0 h6 8. c3 Ngf6 9. Qc2 Qc7 10. b4 Nf8 11. Na3 Ng6 12. h3 0-0 13. Re1 b6 14. Nh2 Bd7 15. Nf1 Qc8 16. Ng3 Nh4 17. Re3 Nh7 18. Bf1 c5 19. b5 Ng5 20. Nc4 Qc7 21. Nf5 Nxf5 22. exf5 Bf6 23. Rg3 Kh8 24. Ne3 Qb7 25. Bc4 Rac8 26. Nd5 Nh7 27. Qe4 Qb8 28. Bxh6 gxh6 29. Nxf6 Nxf6 30. Qh4 Nh7 31. Qxh6 Rg8 32. Bxf7 Bxf5 33. Bxg8 Rxg8 34. Rxg8+ Qxg8 35. Kh2 c4 36. Re1 Qe8 37. Qc6 Qe7 38. Qxc4 Nf6 39. Qe2 e4 40. Qe3 Kg7 41. Qg5+ Bg6 42. Kg1 Qc7 43. Re3 Qd6 44. Rg3 Nh5 45. Rg4 Kh7 46. Qe3 Qd1+ 47. Kh2 Qd6+ 48. g3 Nf6 49. Rh4+ Kg7 50. Qd4 Qxd4 51. cxd4 Nd5 52. Rg4 Nc3 53. Rg5 Nxa4 54. Rd5 Be8 55. Re5 Kf7 56. Rxe4 Bxb5 57. Rf4+ Kg7 58. Rg4+ Kf6 59. h4 Nc3 60. Rf4+ Kg7 61. Rg4+ Kh7 62. f4 a5 63. f5 a4 64. f6 Bc4 65. Rg7+ Kh8 66. Rc7 b5 67. g4 a3 68. Ra7 Na4 69. g5 a2 70. g6 a1Q 71. Rh7+ Kg8 72. Ra7 Qb2+ 73. Kh3 Be6+ 74. Kg3 Qc3+ 75. Kg2 Bd5+ 0-1

[Event "Llinars del Valles op-A 6th"]
[Site "Llinars del Valles"]
[Date "2012.05.05"]
[Round "4"]
[White "Recoder Creus, Jordi"]
[Black "Lopez Pajuelo, Aleix"]
[Result "1-0"]
[WhiteElo "1969"]
[BlackElo "1722"]
[PlyCount "99"]
[EventDate "2012.04.14"]
[EventType "swiss"]
[EventRounds "9"]
[EventCountry "ESP"]
[SourceTitle "EXT 2013"]
[Source "ChessBase"]
[SourceDate "2012.11.22"]
[SourceVersion "1"]
[SourceVersionDate "2012.11.22"]
[SourceQuality "1"]

1. e4 e6 2. d4 d5 3. Nc3 Bb4 4. e5 c5 5. a3 Bxc3+ 6. bxc3 Qa5 7. Bd2 Qa4 8. h4 h5 9. Nf3 Nc6 10. Be3 Nge7 11. Bd3 c4 12. Be2 Nf5 13. Ng5 g6 14. Kf1 Nce7 15. Bd2 Ng8 16. Nf3 Ngh6 17. Bg5 Rh7 18. Nh2 Qa5 19. Qd2 Ng8 20. g4 hxg4 21. Nxg4 Bd7 22. Kg2 Bc6 23. Nf6+ Nxf6 24. Bxf6 Kd7 25. Rh3 Re8 26. Qg5 Qb6 27. Qc1 Qa5 28. Rb1 Rg8 29. Qb2 Qa4 30. Rbh1 Qa5 31. Kf1 Qc7 32. Rg1 Qc8 33. Qb4 Qf8 34. Qa5 a6 35. Bf3 Qc8 36. Qb4 Qf8 37. Qb2 Bb5 38. Bg4 Nxd4 39. a4 Qc5 40. axb5 Nxb5 41. h5 gxh5 42. Rxh5 Rxh5 43. Bxh5 Rxg1+ 44. Kxg1 Qf8 45. Qc1 Nxc3 46. Qe3 Qg8+ 47. Kf1 Ne4 48. Qb6 Qc8 49. Bxf7 Qc6 50. Qd8# 1-0

[Event "Barcelona Tona op 1st"]
[Site "Barcelona"]
[Date "2011.12.08"]
[Round "7"]
[White "Recoder Creus, Jordi"]
[Black "Fabre Massana, Miquel"]
[Result "0-1"]
[WhiteElo "2096"]
[BlackElo "2238"]
[PlyCount "78"]
[EventDate "2011.12.05"]
[EventType "swiss"]
[EventRounds "8"]
[EventCountry "ESP"]
[SourceTitle "CBM 145 Extra"]
[Source "ChessBase"]
[SourceDate "2012.01.03"]
[SourceVersion "1"]
[SourceVersionDate "2012.01.03"]
[SourceQuality "1"]

1. e4 c5 2. Nf3 Nc6 3. Bb5 g6 4. Bxc6 bxc6 5. d3 Bg7 6. 0-0 Nf6 7. h3 0-0 8. Nc3 d6 9. Re1 Rb8 10. Rb1 h6 11. Bd2 Be6 12. b3 Qd7 13. Kh2 Qc7 14. Kh1 Kh7 15. Na4 Rfe8 16. Bf4 Qd7 17. Ng1 Qc8 18. Qf3 Qd8 19. c4 Nd7 20. Qe2 Nb6 21. Nb2 a5 22. Nd1 a4 23. b4 cxb4 24. Rxb4 c5 25. Rb1 Nd7 26. Ne3 a3 27. Rb3 Rxb3 28. axb3 Qa5 29. Nf3 a2 30. Nc2 a1Q 31. Nxa1 Bxa1 32. g4 Bg7 33. Nd2 Qc3 34. Be3 Ne5 35. f4 Nxd3 36. Rf1 Bd7 37. f5 Ne5 38. h4 Ra8 39. g5 Qd3 0-1

[Event "Barcelona Tona op 1st"]
[Site "Barcelona"]
[Date "2011.12.07"]
[Round "5"]
[White "Recoder Creus, Jordi"]
[Black "Montilla Carrillo, Esteban"]
[Result "1/2-1/2"]
[WhiteElo "2096"]
[BlackElo "2299"]
[PlyCount "95"]
[EventDate "2011.12.05"]
[EventType "swiss"]
[EventRounds "8"]
[EventCountry "ESP"]
[SourceTitle "CBM 145 Extra"]
[Source "ChessBase"]
[SourceDate "2012.01.03"]
[SourceVersion "1"]
[SourceVersionDate "2012.01.03"]
[SourceQuality "1"]

1. e4 c5 2. Nf3 d6 3. d4 cxd4 4. Nxd4 Nf6 5. Nc3 g6 6. Be3 Bg7 7. Be2 Nc6 8. 0-0 0-0 9. Nb3 Be6 10. f4 Qc8 11. h3 Rd8 12. Qe1 d5 13. e5 d4 14. exf6 exf6 15. Bd2 dxc3 16. Bxc3 Ne7 17. Bf3 Nd5 18. Bxd5 Rxd5 19. Rd1 Rxd1 20. Qxd1 Qc7 21. Qf3 Rd8 22. Rd1 Rxd1+ 23. Qxd1 h5 24. Qd4 b6 25. Qe3 Qd6 26. Qd4 Qc7 27. Qe3 Kh7 28. Nd2 Bf5 29. Nf3 Bc8 30. Qd4 Bb7 31. Kf2 Qe7 32. a3 Ba6 33. Ng5+ Kh6 34. Ne4 Qe6 35. Nxf6 Bxf6 36. Qxf6 Qxf6 37. Bxf6 Kh7 38. h4 Kg8 39. Ke3 Kf8 40. Kd4 Bb7 41. g3 Ke8 42. c4 Kd7 43. Ke5 Bf3 44. b4 Be2 45. c5 bxc5 46. bxc5 Kc6 47. Be7 Bg4 48. Kd4 1/2-1/2

[Event "Roncana op-A 5th"]
[Site "Santa Eulalia de Roncana"]
[Date "2011.11.26"]
[Round "8"]
[White "Hernandez Martinez, Carlos"]
[Black "Recoder Creus, Jordi"]
[Result "0-1"]
[WhiteElo "1639"]
[BlackElo "1983"]
[PlyCount "70"]
[EventDate "2011.10.01"]
[EventType "swiss"]
[EventRounds "8"]
[EventCountry "ESP"]
[SourceTitle "EXT 2013"]
[Source "ChessBase"]
[SourceDate "2012.11.22"]
[SourceVersion "1"]
[SourceVersionDate "2012.11.22"]
[SourceQuality "1"]

1. e4 e5 2. Nf3 Nc6 3. Bc4 Nf6 4. Ng5 d5 5. exd5 Nd4 6. d3 b5 7. c3 bxc4 8. cxd4 Qxd5 9. Nf3 exd4 10. Qa4+ Bd7 11. Qxc4 Qxc4 12. dxc4 c5 13. Ne5 Be6 14. b3 Bd6 15. f4 0-0 16. 0-0 a5 17. Ba3 Rfc8 18. Nd2 Bxe5 19. fxe5 Ng4 20. Ne4 Ne3 21. Nd6 Rc6 22. Rf2 d3 23. Bb2 a4 24. Rf3 Nc2 25. Rb1 axb3 26. axb3 Nb4 27. Bc3 Bg4 28. Re3 Be2 29. Bxb4 cxb4 30. Nb5 Rd8 31. Kf2 Bh5 32. Ra1 h6 33. Re4 d2 34. Nd4 Ra6 35. Rxa6 d1Q 0-1

[Event "Roncana op-A 5th"]
[Site "Santa Eulalia de Roncana"]
[Date "2011.11.12"]
[Round "6"]
[White "Exojo Lozano, Angel"]
[Black "Recoder Creus, Jordi"]
[Result "0-1"]
[WhiteElo "1704"]
[BlackElo "1983"]
[PlyCount "88"]
[EventDate "2011.10.01"]
[EventType "swiss"]
[EventRounds "8"]
[EventCountry "ESP"]
[SourceTitle "EXT 2013"]
[Source "ChessBase"]
[SourceDate "2012.11.22"]
[SourceVersion "1"]
[SourceVersionDate "2012.11.22"]
[SourceQuality "1"]

1. Nf3 d5 2. c4 e6 3. g3 c6 4. b3 Nf6 5. Bb2 Nbd7 6. Bg2 Bd6 7. 0-0 0-0 8. d3 Qc7 9. Qc2 dxc4 10. dxc4 b6 11. Nc3 Bb7 12. Rad1 Be7 13. Rd2 Rfd8 14. Rfd1 Nf8 15. Nb1 Rxd2 16. Rxd2 Rd8 17. Rxd8 Bxd8 18. Qd3 c5 19. Be5 Qc8 20. Nbd2 N8d7 21. Bb2 Bc7 22. Ng5 Bxg2 23. Kxg2 Be5 24. Bc1 h6 25. Nge4 Qc6 26. f3 Ne8 27. Nf1 f5 28. Nc3 a6 29. Kf2 Nd6 30. Ne3 Bd4 31. Ke1 Ne5 32. Qc2 b5 33. cxb5 axb5 34. Ng2 Nd7 35. Nf4 Kf7 36. h4 Be5 37. Kf2 Qb6 38. e3 Nf6 39. Bb2 c4 40. Nce2 Bxb2 41. Qxb2 Qc6 42. Qe5 Nde4+ 43. fxe4 Ng4+ 44. Ke1 Nxe5 0-1

[Event "Roncana op-A 5th"]
[Site "Santa Eulalia de Roncana"]
[Date "2011.11.05"]
[Round "5"]
[White "Recoder Creus, Jordi"]
[Black "Cama Molina, Daniel"]
[Result "1-0"]
[WhiteElo "1983"]
[BlackElo "1678"]
[PlyCount "63"]
[EventDate "2011.10.01"]
[EventType "swiss"]
[EventRounds "8"]
[EventCountry "ESP"]
[SourceTitle "EXT 2013"]
[Source "ChessBase"]
[SourceDate "2012.11.22"]
[SourceVersion "1"]
[SourceVersionDate "2012.11.22"]
[SourceQuality "1"]

1. e4 c6 2. d4 d5 3. e5 c5 4. c3 Nc6 5. Nf3 e6 6. Bd3 cxd4 7. cxd4 Qb6 8. Nc3 Bd7 9. Bb1 Nge7 10. 0-0 Ng6 11. a3 Be7 12. b4 a6 13. Be3 Rc8 14. Na4 Qd8 15. Nc5 Bxc5 16. bxc5 b6 17. cxb6 Qxb6 18. Bd3 0-0 19. Qe2 Ra8 20. h4 f5 21. exf6 gxf6 22. h5 Nge7 23. Qc2 f5 24. Bg5 Rac8 25. Qe2 Rce8 26. Qe3 Nc8 27. Rab1 Qa7 28. Qf4 N8e7 29. Qg3 Kh8 30. Qh4 Ng8 31. Bf4 Qa8 32. Bd6 1-0

[Event "Olot Volcans op 2nd"]
[Site "Olot"]
[Date "2011.04.30"]
[Round "6"]
[White "Caballero Maytin, Jesus"]
[Black "Recoder Creus, Jordi"]
[Result "1-0"]
[WhiteElo "2113"]
[BlackElo "1975"]
[PlyCount "67"]
[EventDate "2011.04.09"]
[EventType "swiss"]
[EventRounds "8"]
[EventCountry "ESP"]
[SourceTitle "CBM 142 Extra"]
[Source "ChessBase"]
[SourceDate "2011.06.27"]
[SourceVersion "1"]
[SourceVersionDate "2011.06.27"]
[SourceQuality "1"]

1. d4 d5 2. Nf3 Nf6 3. g3 c6 4. Bg2 Bf5 5. 0-0 h6 6. c3 Nbd7 7. Qb3 Qb6 8. Nbd2 e6 9. Re1 Bd6 10. c4 Qxb3 11. axb3 Bb4 12. e3 0-0 13. Bf1 Bc2 14. Be2 Ne4 15. Bd1 Bd3 16. Be2 Nxd2 17. Bxd2 Bxd2 18. Nxd2 Bxe2 19. Rxe2 Rfd8 20. c5 b6 21. b4 bxc5 22. bxc5 Rdb8 23. b3 a5 24. Ra3 Rb4 25. Nf3 f6 26. Rea2 Rab8 27. Rxa5 Rxb3 28. Ra6 Rc8 29. Ra7 Rd8 30. Rc7 e5 31. Raa7 exd4 32. Nxd4 Rdb8 33. Kg2 Nxc5 34. Rxg7+ 1-0

[Event "Roncana op 4th"]
[Site "Santa Eulalia de Roncana"]
[Date "2010.11.27"]
[Round "9"]
[White "Fernandez Felguera, Agustin"]
[Black "Recoder Creus, Jordi"]
[Result "0-1"]
[WhiteElo "1635"]
[BlackElo "2017"]
[PlyCount "84"]
[EventDate "2010.10.02"]
[EventType "swiss"]
[EventRounds "9"]
[EventCountry "ESP"]
[SourceTitle "EXT 2012"]
[Source "ChessBase"]
[SourceDate "2011.11.24"]
[SourceVersion "1"]
[SourceVersionDate "2011.11.24"]
[SourceQuality "1"]

1. e4 e5 2. Nf3 Nc6 3. Bb5 Bc5 4. c3 Nf6 5. d4 Bb6 6. Bg5 h6 7. Bh4 g5 8. Bg3 Nxe4 9. Bxc6 Nxg3 10. hxg3 dxc6 11. Nxe5 Be6 12. Nd2 c5 13. Ndc4 cxd4 14. Nxb6 axb6 15. Qxd4 Qxd4 16. cxd4 0-0-0 17. Rd1 f6 18. Nf3 Bxa2 19. Rd2 Bc4 20. Ng1 Rde8+ 21. Ne2 Re7 22. Kd1 Rhe8 23. Nc1 Rh7 24. b3 Bd5 25. f3 h5 26. Kc2 h4 27. g4 Rhe7 28. Nd3 Re3 29. Rf1 R8e6 30. Rb1 h3 31. gxh3 Rxf3 32. Nf2 Ree3 33. b4 Bf7 34. Kd1 Rg3 35. Kc1 Bg6 36. Rbb2 Rg1+ 37. Rd1 Rgg3 38. Rdd2 Ra3 39. Ra2 Rac3+ 40. Kd1 Bf7 41. Rab2 Bc4 42. Rbc2 Bb3 0-1

[Event "Roncana op 4th"]
[Site "Santa Eulalia de Roncana"]
[Date "2010.11.20"]
[Round "8"]
[White "Fernandez Felguera, Alvaro"]
[Black "Recoder Creus, Jordi"]
[Result "1-0"]
[WhiteElo "1724"]
[BlackElo "2017"]
[PlyCount "89"]
[EventDate "2010.10.02"]
[EventType "swiss"]
[EventRounds "9"]
[EventCountry "ESP"]
[SourceTitle "EXT 2012"]
[Source "ChessBase"]
[SourceDate "2011.11.24"]
[SourceVersion "1"]
[SourceVersionDate "2011.11.24"]
[SourceQuality "1"]

1. d4 d5 2. c4 c6 3. Nc3 Nf6 4. Bg5 e6 5. e3 Nbd7 6. c5 e5 7. Nf3 e4 8. Nd2 Be7 9. b4 Nf8 10. Bf4 h5 11. h3 Ne6 12. Bh2 g5 13. Be5 Rh6 14. Be2 Ng7 15. Qa4 Bd7 16. b5 Kf8 17. bxc6 Bxc6 18. Bb5 Qd7 19. Rb1 Nfe8 20. Bxc6 bxc6 21. Qa6 Qc8 22. Qxc8 Rxc8 23. Rb7 Ra8 24. Ke2 Nf5 25. Rhb1 Re6 26. Bb8 a6 27. Na4 Bd8 28. Nb6 Bxb6 29. R1xb6 Ne7 30. Ra7 Rxa7 31. Bxa7 a5 32. Ra6 a4 33. Bb8 Ng6 34. Rxa4 Re7 35. Ra8 Kg7 36. Ra6 Rb7 37. Rb6 Rd7 38. Rxc6 Ne7 39. Rb6 Nc8 40. Rb5 Na7 41. Bxa7 Rxa7 42. c6 Rxa2 43. Rxd5 f6 44. c7 Ra8 45. Rd8 1-0

[Event "Roncana op 4th"]
[Site "Santa Eulalia de Roncana"]
[Date "2010.11.13"]
[Round "7"]
[White "Recoder Creus, Jordi"]
[Black "Exojo Lozano, Angel"]
[Result "1-0"]
[WhiteElo "2017"]
[BlackElo "1712"]
[PlyCount "87"]
[EventDate "2010.10.02"]
[EventType "swiss"]
[EventRounds "9"]
[EventCountry "ESP"]
[SourceTitle "EXT 2012"]
[Source "ChessBase"]
[SourceDate "2011.11.24"]
[SourceVersion "1"]
[SourceVersionDate "2011.11.24"]
[SourceQuality "1"]

1. e4 d6 2. d4 Nf6 3. Bd3 g6 4. h3 Nbd7 5. Nf3 Bg7 6. Nbd2 0-0 7. c3 e5 8. d5 a5 9. Nf1 Nc5 10. Ng3 Ne8 11. Bc2 h6 12. Be3 b6 13. Qd2 Kh7 14. h4 Rh8 15. h5 g5 16. 0-0-0 Kg8 17. Nf5 Bxf5 18. exf5 Nf6 19. Rdg1 Ng4 20. Ne1 Nf6 21. g3 Ng4 22. f4 Nxe3 23. Qxe3 Bf6 24. Nf3 Bg7 25. fxe5 dxe5 26. Rd1 Bf6 27. Nxe5 Bxe5 28. Qxe5 f6 29. Qe3 Kg7 30. Rhe1 Re8 31. Qf2 Nd7 32. Rxe8 Qxe8 33. Ba4 Rd8 34. d6 c5 35. Re1 Qxh5 36. Re7+ Kf8 37. Bxd7 Qh1+ 38. Kc2 Qb7 39. Qe2 Rxd7 40. Re8+ Kg7 41. Qe6 Qg2+ 42. Kb3 c4+ 43. Ka3 Qc6 44. Qg8# 1-0

[Event "Roncana op 4th"]
[Site "Santa Eulalia de Roncana"]
[Date "2010.10.02"]
[Round "1"]
[White "Recoder Creus, Jordi"]
[Black "Diaz Doblas, Juan"]
[Result "1-0"]
[WhiteElo "2017"]
[BlackElo "1686"]
[PlyCount "65"]
[EventDate "2010.10.02"]
[EventType "swiss"]
[EventRounds "9"]
[EventCountry "ESP"]
[SourceTitle "EXT 2012"]
[Source "ChessBase"]
[SourceDate "2011.11.24"]
[SourceVersion "1"]
[SourceVersionDate "2011.11.24"]
[SourceQuality "1"]

1. e4 e5 2. Nf3 Nc6 3. Bc4 Nf6 4. d3 Be7 5. Bb3 0-0 6. c3 h6 7. h3 d6 8. Nbd2 a6 9. g4 Nh7 10. Nf1 Be6 11. Bc2 d5 12. Qe2 d4 13. Ng3 Ng5 14. Nf5 Bxf5 15. gxf5 Nxf3+ 16. Qxf3 Bg5 17. h4 Bxh4 18. Rg1 Qf6 19. Bd2 g5 20. 0-0-0 Kg7 21. Qh5 Kh7 22. Rg2 Rg8 23. Rh1 a5 24. Bb3 Rg7 25. Bd5 Ra6 26. f4 exf4 27. Bxf4 gxf4 28. Rxg7+ Qxg7 29. Qxh4 dxc3 30. f6 cxb2+ 31. Kb1 Qf8 32. Rg1 Nd8 33. Rg7+ 1-0

[Event "Llinars del Valles op-A 4th"]
[Site "Llinars del Valles"]
[Date "2010.05.15"]
[Round "6"]
[White "Morros Faura, Ricard"]
[Black "Recoder Creus, Jordi"]
[Result "0-1"]
[WhiteElo "2242"]
[BlackElo "2010"]
[PlyCount "72"]
[EventDate "2010.04.10"]
[EventType "swiss"]
[EventRounds "7"]
[EventCountry "ESP"]
[SourceTitle "EXT 2012"]
[Source "ChessBase"]
[SourceDate "2011.11.24"]
[SourceVersion "1"]
[SourceVersionDate "2011.11.24"]
[SourceQuality "1"]

1. e4 e5 2. Nf3 d6 3. d4 Nd7 4. Bc4 c6 5. 0-0 Be7 6. a4 h6 7. b4 Ngf6 8. Bb2 Qc7 9. Bb3 0-0 10. Nbd2 Re8 11. Re1 Bf8 12. a5 exd4 13. Nxd4 d5 14. exd5 Rxe1+ 15. Qxe1 Bxb4 16. c3 Bd6 17. dxc6 bxc6 18. Ne4 Bxh2+ 19. Kh1 Be5 20. Nxf6+ Nxf6 21. Nf3 Rb8 22. Bc4 Bd6 23. Bc1 Bg4 24. Nd4 Re8 25. Be3 Qe7 26. Nxc6 Qe4 27. Bb5 Qd5 28. f3 Qh5+ 29. Kg1 Bh2+ 30. Kf2 Qxb5 31. Nd4 Qb2+ 32. Ne2 Bd6 33. Ra4 Bd7 34. Bc1 Bc5+ 35. Kf1 Qc2 36. Ra1 Bb5 0-1

[Event "Llinars del Valles op-A 4th"]
[Site "Llinars del Valles"]
[Date "2010.05.01"]
[Round "4"]
[White "Recoder Creus, Jordi"]
[Black "Valles Blomecke, Ignasi"]
[Result "1-0"]
[WhiteElo "2010"]
[BlackElo "1728"]
[PlyCount "59"]
[EventDate "2010.04.10"]
[EventType "swiss"]
[EventRounds "7"]
[EventCountry "ESP"]
[SourceTitle "EXT 2012"]
[Source "ChessBase"]
[SourceDate "2011.11.24"]
[SourceVersion "1"]
[SourceVersionDate "2011.11.24"]
[SourceQuality "1"]

1. e4 d6 2. d4 Nf6 3. Bd3 g6 4. h3 Bg7 5. Nf3 0-0 6. Nbd2 c6 7. c3 a5 8. Nf1 b5 9. Be3 Ba6 10. Ng3 Nbd7 11. Qe2 Qc7 12. 0-0 c5 13. Bxb5 Bxb5 14. Qxb5 Rab8 15. Qe2 Qb7 16. Bc1 cxd4 17. cxd4 Rfc8 18. e5 dxe5 19. dxe5 Nd5 20. e6 Nc5 21. exf7+ Kh8 22. Ne4 Na4 23. Nfg5 Qc6 24. Qg4 Rb6 25. Nxh7 Bxb2 26. Bxb2+ Nxb2 27. f8Q+ Rxf8 28. Nxf8 Kg7 29. Ne6+ Kf7 30. Nd8+ 1-0

[Event "Santa Eulalia de Roncana 3rd"]
[Site "Santa Eulalia de Roncana"]
[Date "2009.11.21"]
[Round "8.7"]
[White "Recoder Creus, Jordi"]
[Black "Vegara Gallego, Pere"]
[Result "1/2-1/2"]
[WhiteElo "2053"]
[BlackElo "1859"]
[PlyCount "74"]
[EventDate "2009.10.03"]
[EventType "swiss"]
[EventRounds "9"]
[EventCountry "ESP"]
[SourceTitle "EXT 2024"]
[Source "ChessBase"]
[SourceDate "2023.10.10"]
[SourceVersion "1"]
[SourceVersionDate "2023.10.10"]
[SourceQuality "1"]

1. e4 d6 2. d4 e5 3. Bc4 exd4 4. Nf3 Be7 5. c3 Nf6 6. e5 dxe5 7. Nxe5 0-0 8. 0-0 dxc3 9. Qb3 Qe8 10. Nxc3 Bd6 11. Nd3 c6 12. a4 Nbd7 13. Bg5 Qd8 14. Ne4 Qc7 15. Nxd6 Qxd6 16. Bf4 Qd4 17. Rad1 Qb6 18. Qa2 Nd5 19. b4 Nxf4 20. Nxf4 Qxb4 21. Rfe1 Nb6 22. Bxf7+ Kh8 23. Nd3 Qxa4 24. Qd2 Bg4 25. f3 Qd4+ 26. Kh1 Qf6 27. Bb3 Bh5 28. Qf2 Bf7 29. Bc2 Bg6 30. Ra1 Rfd8 31. Nc5 Bxc2 32. Qxc2 Qf7 33. Ne4 Qc4 34. Qb2 Qd4 35. Qa3 h6 36. h3 Qd7 37. Nc5 Qf7 1/2-1/2

[Event "Santa Eulalia de Roncana 3rd"]
[Site "Santa Eulalia de Roncana"]
[Date "2009.11.14"]
[Round "7.4"]
[White "Ortega Serra, Marc"]
[Black "Recoder Creus, Jordi"]
[Result "1-0"]
[WhiteElo "2167"]
[BlackElo "2053"]
[PlyCount "129"]
[EventDate "2009.10.03"]
[EventType "swiss"]
[EventRounds "9"]
[EventCountry "ESP"]
[SourceTitle "EXT 2024"]
[Source "ChessBase"]
[SourceDate "2023.10.10"]
[SourceVersion "1"]
[SourceVersionDate "2023.10.10"]
[SourceQuality "1"]

1. d4 d5 2. c4 c6 3. Nc3 Nf6 4. cxd5 cxd5 5. Bf4 Nc6 6. e3 e6 7. Bd3 Bd6 8. Nge2 Qe7 9. Bxd6 Qxd6 10. f4 a6 11. 0-0 Ne7 12. Ng3 h5 13. Qf3 Nf5 14. Na4 g6 15. a3 b6 16. Nc3 Bb7 17. Nb1 Ng4 18. Re1 Qe7 19. Nxf5 gxf5 20. Nd2 Nf6 21. Rac1 Kd7 22. Qd1 Qd6 23. Nf3 Ne4 24. Ne5+ Ke7 25. Be2 Nf6 26. Qa4 Rhc8 27. h3 Rc7 28. Qb4 Rac8 29. Rxc7+ Rxc7 30. Qa4 b5 31. Qd1 h4 32. Bd3 Qd8 33. Qd2 Qc8 34. Qf2 Qh8 35. Nf3 Qg7 36. Qxh4 Kd6 37. Qg5 Qh8 38. Ne5 Ne4 39. Bxe4 dxe4 40. Qg3 f6 41. Ng6 Qg8 42. h4 Rg7 43. h5 Rh7 44. Qh3 Rh6 45. Kh2 Qh7 46. Rh1 Qc7 47. Re1 Qh7 48. Nf8 Qf7 49. Ng6 Bd5 50. Qg3 Qh7 51. Qh4 Qg7 52. Rc1 Bc4 53. Rc2 Bb3 54. Rd2 Bc4 55. Rc2 Qf7 56. Kh3 Bd3 57. Rc8 Be2 58. Rf8 Qg7 59. Qxf6 Rxh5+ 60. Kg3 Qxf6 61. Rxf6 Rh6 62. d5 Bc4 63. Rxe6+ Kxd5 64. Rxa6 b4 65. Ne7+ 1-0

[Event "Santa Eulalia de Roncana 3rd"]
[Site "Santa Eulalia de Roncana"]
[Date "2009.10.24"]
[Round "4.5"]
[White "Benet Saniger, Xavier"]
[Black "Recoder Creus, Jordi"]
[Result "0-1"]
[WhiteElo "1783"]
[BlackElo "2053"]
[PlyCount "112"]
[EventDate "2009.10.03"]
[EventType "swiss"]
[EventRounds "9"]
[EventCountry "ESP"]
[SourceTitle "EXT 2024"]
[Source "ChessBase"]
[SourceDate "2023.10.10"]
[SourceVersion "1"]
[SourceVersionDate "2023.10.10"]
[SourceQuality "1"]

1. d4 d5 2. c4 e6 3. Nc3 Be7 4. cxd5 exd5 5. Nf3 c6 6. Bf4 Nf6 7. Qc2 Qa5 8. e3 Nbd7 9. Bd3 h6 10. 0-0 0-0 11. a3 Qd8 12. b4 b6 13. Rac1 a5 14. bxa5 Rxa5 15. a4 Bb7 16. Rb1 Qa8 17. Bc7 Bd8 18. Bd6 Re8 19. Rb2 Ba6 20. Bxa6 Rxa6 21. Rc1 Be7 22. Bxe7 Rxe7 23. Ne2 c5 24. dxc5 Nxc5 25. Nc3 Nfe4 26. Nxe4 dxe4 27. Ne1 Nxa4 28. Rb4 Nc5 29. Rcb1 Qd8 30. Qc4 Rea7 31. Nc2 Ra4 32. Nd4 Rxb4 33. Qxb4 Qf6 34. h3 Nd3 35. Qd2 Nc5 36. Qb4 Ra2 37. Rf1 Nd3 38. Qc4 Rxf2 39. Qc8+ Kh7 40. Rxf2 Qxf2+ 41. Kh2 Qf6 42. Qf5+ Qxf5 43. Nxf5 b5 44. Nd4 b4 45. Nb3 Kg6 46. Kg1 Kf6 47. Kf1 Ke5 48. Ke2 Kd5 49. Kd2 Kc4 50. Na5+ Kb5 51. Nb3 Ka4 52. Nd4 Ka3 53. g3 b3 54. Nb5+ Ka2 55. Nc3+ Ka1 56. g4 b2 0-1